Science - Physics | 11 | 3 | 0 | 0 | 195 | 18 | 50.36 | 6 | 9 |
Science - Chemistry | 7 | 2 | 0 | 0 | 125 | 11 | 49.22 | 4 | 5 |
Science - Biology | 3 | 3 | 0 | 0 | 75 | 11 | 60.83 | 1 | 3 |
History - Cross, Historiography, and Miscellaneous | 2 | 2 | 0 | 0 | 50 | 14 | 64.75 | 1 | 1 |
Science - Math | 2 | 0 | 0 | 0 | 30 | 16 | 27.00 | 1 | 2 |
Current Events - World | 1 | 1 | 0 | 0 | 25 | 35 | 65.50 | 0 | 0 |
Science - Astronomy | 1 | 1 | 0 | 0 | 25 | 46 | 63.00 | 1 | 1 |
Science - Earth | 0 | 2 | 0 | 0 | 20 | 76 | 79.00 | 0 | 0 |
Other - Other Academic and General Knowledge | 0 | 2 | 0 | 0 | 20 | 90 | 94.50 | 0 | 0 |
Science - Computer Science | 0 | 2 | 0 | 0 | 20 | 79 | 82.00 | 0 | 1 |
Science - Engineering and Miscellaneous | 0 | 1 | 0 | 0 | 10 | 77 | 77.00 | 0 | 0 |
History - European | 0 | 1 | 0 | 0 | 10 | 59 | 59.00 | 0 | 0 |
Geography - United States | 0 | 1 | 0 | 0 | 10 | 123 | 123.00 | 0 | 0 |
Fine Arts - Architecture | 0 | 0 | 0 | 0 | 0 | | 0.00 | 0 | 0 |
Social Science - Psychology | 0 | 0 | 0 | 0 | 0 | | 0.00 | 0 | 0 |